000
00271nam a2200109Ia 4500
001
1275965
005
20260417160438.0
008
260417s9999 xx 000 0 und d
020
_a
9786257587594
245
0
_a
Uzay Kaşifleri
_c
Giulia De Amicis
260
_b
Ketebe Çocuk
999
_c
1275965
_d
1275965